Telephone Country Codes of Europe - Statistics

General Stats
  • This quiz has been taken 161 times
  • The average score is 17 of 47
Answer Stats
country code % Correct
United Kingdom 44
74%
Germany 49
70%
France 33
66%
Spain 34
62%
Netherlands 31
55%
Russia 7
54%
Poland 48
53%
Italy 39
52%
Belgium 32
48%
Switzerland 41
47%
Austria 43
47%
Denmark 45
47%
Greece 30
46%
Sweden 46
46%
Norway 47
44%
Portugal 351
39%
Ireland 353
38%
Czechia 420
38%
Finland 358
35%
Lithuania 370
35%
Latvia 371
35%
Romania 40
35%
Slovakia 421
34%
Estonia 372
31%
Ukraine 380
31%
Hungary 36
30%
Luxembourg 352
29%
Belarus 375
29%
Serbia 381
29%
Croatia 385
29%
Slovenia 386
29%
Iceland 354
27%
Bosnia and Herzegovina 387
26%
Albania 355
25%
Faroe Islands 298
24%
Moldova 373
24%
San Marino 378
24%
Liechtenstein 423
24%
Malta 356
22%
Vatican City 379
22%
Macedonia 389
22%
Greenland 299
21%
Andorra 376
21%
Kosovo 383
21%
Bulgaria 359
20%
Monaco 377
20%
Montenegro 382
19%
No matching quizzes found
Score Distribution
Percent of People with Each Score
Percentile by Number Answered
Your Score History
You have not taken this quiz